NBA Starting Lineups 2025-2026 - Statistics

General Stats
  • This quiz has been taken 148 times
  • The average score is 52 of 150
Answer Stats
Answer % Correct
Shai Gilgeous-Alexander
94%
Jalen Johnson
80%
Jaylen Brown
77%
Cameron Johnson
76%
C.J. McCollum
74%
Jayson Tatum
73%
Derrick White
71%
Dyson Daniels
71%
Jalen Williams
71%
Trae Young
68%
Amen Thompson
66%
Ausar Thompson
65%
Chet Holmgren
64%
Donovan Mitchell
63%
Jalen Duren
62%
James Harden
61%
Josh Hart
61%
Lebron James
61%
Joel Embiid
60%
Payton Pritchard
60%
Luka Doncic
59%
Paolo Banchero
59%
Alperen Sengun
58%
Tyrese Maxey
58%
Draymond Green
57%
Jalen Green
57%
Kawhi Leonard
57%
Kevin Durant
57%
Austin Reaves
55%
Isaiah Hartenstein
55%
LaMelo Ball
55%
Stephen Curry
55%
Onyeka Okongwu
54%
Jamal Murray
53%
Nikola Jokic
53%
Paul George
52%
Devin Booker
51%
Ja Morant
51%
Anthony Edwards
49%
Cade Cunningham
49%
Karl-Anthony Towns
49%
Mikal Bridges
49%
Miles Bridges
49%
Victor Wembanyama
49%
Deandre Ayton
48%
Giannis Antetokounmpo
48%
Jabari Smith Jr.
48%
Jalen Brunson
48%
Jarrett Allen
48%
Pascal Siakam
48%
Evan Mobley
47%
Zion Williamson
47%
Darius Garland
46%
Franz Wagner
46%
Kevin Porter Jr.
46%
Michael Porter Jr.
46%
Rui Hachimura
46%
Anthony Davis
45%
Rudy Gobert
45%
Scottie Barnes
44%
Cooper Flagg
43%
De'Aaron Fox
43%
Dillon Brooks
43%
Jalen Suggs
43%
Aaron Gordon
42%
Bam Adebayo
41%
Jaren Jackson Jr.
41%
Desmond Bane
40%
Stephon Castle
40%
Tobias Harris
40%
Andrew Wiggins
39%
Tyler Herro
39%
Wendell Carter Jr.
39%
Jaden McDaniels
38%
Domantas Sabonis
37%
Jimmy Butler
37%
Zach LaVine
37%
Andrew Nembhard
36%
Ivica Zubac
36%
Jrue Holiday
36%
DeMar DeRozan
35%
Josh Giddey
35%
Julius Randle
34%
Myles Turner
34%
Nic Claxton
34%
Brandon Miller
33%
Kelly Oubre Jr.
33%
Lauri Markkanen
33%
Christian Braun
32%
Duncan Robinson
31%
R.J. Barrett
31%
Aaron Nesmith
30%
Brandon Ingram
30%
Russell Westbrook
30%
Deni Avdija
29%
Norman Powell
29%
Derrick Jones Jr.
26%
Scoot Henderson
26%
P.J. Washington
25%
Tre Jones
25%
Daniel Gafford
24%
Donte DiVincenzo
24%
Devin Vassell
23%
Jakob Poeltl
22%
Kris Dunn
22%
Walker Kessler
22%
Zach Edey
21%
Jordan Poole
20%
Kyle Kuzma
16%
Toumani Camara
16%
John Collins
14%
Kon Knueppel
14%
V.J. Edgecomb
12%
Collin Sexton
11%
Trey Murphy III
11%
OG Annunoby
10%
Isaac Okoro
9%
Jay Huff
8%
Ace Bailey
6%
Immanuel Quickly
6%
Keyonte George
6%
Dean Wade
5%
Donovan Clingan
5%
Egor Demin
5%
Neemias Queta
5%
Alex Sarr
4%
Collin Gillespie
4%
Julian Champagnie
4%
Brandon Podziemski
3%
Derik Queen
3%
Kel'el Ware
3%
Moussa Diabate
3%
Tari Eason
3%
Bilal Coulibaly
2%
G.G. Jackson
2%
Jeremiah Fears
2%
Lugentz Dort
2%
Matas Buzelis
2%
Precious Achiuwa
2%
Ryan Rollins
2%
Tre Johnson
2%
Cedric Coward
1%
Jaylen Wells
1%
Max Christie
1%
Moses Moodey
1%
Naji Marshall
1%
Nickel Alexander-Walker
1%
Oso Ighodaro
1%
Noah Clowney
0%
Terance Mann
0%
No matching quizzes found
Score Distribution
Percent of People with Each Score
Percentile by Number Answered
Your Score History
You have not taken this quiz